00766nam a22001937a 4500008003800000020001500038050001800053100003200071245007800103250001100181260007400192300002000266440007900286504004200365650003700407650002200444710006900466710003700535140124t ag||||| |||| 00| 0 spa a950701099804aP91bS26 19921 aSandroni, Laura Constancia 10aLectura y medios de comunicación de masas /cLaura Constancia Sandroni  a2a ed. aBuenos Aires : bCerlac ; Aique grupo editorial ; Colcultura, c1992 a136 p. c24 cm. 0aCoedición Latinoamericana de libros para la promoción de lectura ; v3 aBibliografia : p. 123-135 e índice  4aMedios de comunicación masiva  4aLibros y lectura 2 aCentro Regional para el Fomento del libro América y el Caribe2 aInstituto Colombiano de Cultura